Chapters in a life of Paul. (Record no. 5163)

000 -LEADER
fixed length control field 00651nam a2200205 a 4500
001 - CONTROL NUMBER
control field :::00002904$&:&@@
003 - CONTROL NUMBER IDENTIFIER
control field OkBaRHE
005 - DATE AND TIME OF LATEST TRANSACTION
control field 20000607103258.0
008 - FIXED-LENGTH DATA ELEMENTS--GENERAL INFORMATION
fixed length control field s1950 j 000 0 eng u
040 ## - CATALOGING SOURCE
Transcribing agency
100 1# - MAIN ENTRY--PERSONAL NAME
Personal name Knox, John, 1900-
245 10 - TITLE STATEMENT
Title Chapters in a life of Paul.
260 ## - PUBLICATION, DISTRIBUTION, ETC. (IMPRINT)
Place of publication, distribution, etc New York, NY., :
Name of publisher, distributor, etc Abingdon-Cokesbury Press
Date of publication, distribution, etc c1950
300 ## - PHYSICAL DESCRIPTION
Extent 168 p. ;
Dimensions 24 cm.
650 ## - SUBJECT ADDED ENTRY--TOPICAL TERM
Topical term or geographic name as entry element Christian Saints
General subdivision Turkey
-- Tarsus
-- Biography
650 ## - SUBJECT ADDED ENTRY--TOPICAL TERM
Topical term or geographic name as entry element Paul, the Apostle, Saint
650 ## - SUBJECT ADDED ENTRY--TOPICAL TERM
Topical term or geographic name as entry element Tarsus (Turkey)
General subdivision Biography
942 ## - ADDED ENTRY ELEMENTS (KOHA)
Source of classification or shelving scheme
Koha item type Books
Copies
Date last seen Lost status Price effective from Damaged status Not for loan Date acquired Permanent Location Copy number Barcode Koha item type Full call number Shelving location Withdrawn status Source of classification or shelving scheme
2018-03-16 2010-04-14  2010-04-14RHEMA Bible Training College12904BooksBS 2505 .K56General Stacks